Missing Middles Medley: L Quiz Stats

Quiz Updated Nov 11, 2015

Challenge
Share
Tweet
Embed
Score 0/40 Timer 05:00
2 Plays Today
% Correct
Lake
95%
Love
94.6%
Lisa
94.6%
Lies
94.5%
Loves
94.4%
Las
93.7%
Little
93.5%
Lone
93.4%
Luck
92.7%
Left
92.6%
La
92%
Look
91.5%
Like
91.4%
Linings
90.3%
Living
89.1%
Light
88.7%
Longest
88.5%
Lee
86.6%
Lloyd
85.8%
Lombardi
84.6%
% Correct
Last
84%
Louise
80.9%
Legged
76.9%
Lady
75.1%
Livingston
73.9%
Lovely
73.6%
Lord
72.6%
Labour's
70.8%
Leigh
70.7%
Lincoln
69.8%
Louis
67.4%
Lola
67%
Luis
65.7%
Leopard
63.5%
Lucky
60%
Label
59.7%
Lonely
55.4%
Local
55%
Lucy
48.4%
Lonesome
42.3%

You're not logged in!

Compare scores with friends on all Sporcle quizzes.
Join for Free
OR
Log In

You Might Also Like...

Show Comments

Extras

Top Quizzes Today


Score Distribution

Your Account Isn't Verified!

In order to create a playlist on Sporcle, you need to verify the email address you used during registration. Go to your Sporcle Settings to finish the process.

Report this User

Report this user for behavior that violates our Community Guidelines.

Details: